Оптимизация условий синтеза гидроксиапатита; Науковедение; № 3
| Parent link: | Науковедение: интернет-журнал/ Институт государственного управления, права и инновационных технологий (ИГУПИТ).— , 2009- № 3.— 2013.— [6 с.] |
|---|---|
| Autor principal: | |
| Autor corporatiu: | |
| Sumari: | Заглавие с экрана Проведено изучение условий синтеза гидроксиапатита в условиях гомогенного осаждения. Получены оптимальные значения технологического процесса синтеза: концентрации исходных реагентов, температуры, времени и рН синтеза. The conditions of synthesis of hydroxyapatite in homogeneous precipitation was investigated. The optimal values of the synthesis process: the concentration of reactants, temperature, time and pH of the synthesis are determined. Режим доступа: по договору с организацией-держателем ресурса |
| Idioma: | rus |
| Publicat: |
2013
|
| Matèries: | |
| Accés en línia: | http://elibrary.ru/item.asp?id=20194736 http://naukovedenie.ru/PDF/41tvn313.pdf |
| Format: | Electrònic Capítol de llibre |
| KOHA link: | https://koha.lib.tpu.ru/cgi-bin/koha/opac-detail.pl?biblionumber=636303 |
MARC
| LEADER | 00000naa0a2200000 4500 | ||
|---|---|---|---|
| 001 | 636303 | ||
| 005 | 20250321150847.0 | ||
| 035 | |a (RuTPU)RU\TPU\network\199 | ||
| 090 | |a 636303 | ||
| 100 | |a 20131113d2013 k||y0rusy50 ca | ||
| 101 | 0 | |a rus | |
| 102 | |a RU | ||
| 135 | |a drnn ---uucaa | ||
| 181 | 0 | |a i | |
| 182 | 0 | |a b | |
| 200 | 1 | |a Оптимизация условий синтеза гидроксиапатита |f Л. А. Леонова | |
| 203 | |a Текст |c электронный | ||
| 300 | |a Заглавие с экрана | ||
| 320 | |a [Библиогр.: (10 назв.)] | ||
| 330 | |a Проведено изучение условий синтеза гидроксиапатита в условиях гомогенного осаждения. Получены оптимальные значения технологического процесса синтеза: концентрации исходных реагентов, температуры, времени и рН синтеза. | ||
| 330 | |a The conditions of synthesis of hydroxyapatite in homogeneous precipitation was investigated. The optimal values of the synthesis process: the concentration of reactants, temperature, time and pH of the synthesis are determined. | ||
| 333 | |a Режим доступа: по договору с организацией-держателем ресурса | ||
| 461 | |t Науковедение |o интернет-журнал |f Институт государственного управления, права и инновационных технологий (ИГУПИТ) |d 2009- | ||
| 463 | |t № 3 |v [6 с.] |d 2013 | ||
| 610 | 1 | |a электронный ресурс | |
| 610 | 1 | |a труды учёных ТПУ | |
| 610 | 1 | |a гидроксиапатит | |
| 610 | 1 | |a этилендиаминтетраацетат | |
| 610 | 1 | |a гомогенное осаждение | |
| 610 | 1 | |a оптимизация | |
| 700 | 1 | |a Леонова |b Л. А. |c химик-технолог |c доцент Томского политехнического университета, кандидат технических наук |c девичья фамилия Филатова |f 1983- |g Лилия Александровна |3 (RuTPU)RU\TPU\pers\25860 |9 11728 | |
| 712 | 0 | 2 | |a Национальный исследовательский Томский политехнический университет (ТПУ) |b Физико-технический институт (ФТИ) |b Кафедра химической технологии редких, рассеянных и радиоактивных элементов (№ 43) (ХТРЭ) |3 (RuTPU)RU\TPU\col\18733 |
| 801 | 2 | |a RU |b 63413507 |c 20141220 |g RCR | |
| 856 | 4 | |u http://elibrary.ru/item.asp?id=20194736 | |
| 856 | 4 | |u http://naukovedenie.ru/PDF/41tvn313.pdf | |
| 942 | |c CF | ||